000
00449 a2200133 4500
000
nam a22 7a 4500
100
_a
मीना
110
_a
मीना
245
_a
शमसेर बहादुर सिंह और नयी कविता का विकास
250
_a
Latest edition
260
_b
बाबा पब्लिकेशन
_c
2024
264
_b
बाबा पब्लिकेशन
_c
2024
942
_c
BK
999
_c
396681
_d
396681